Holiday Quiz

Random Holiday or Cartoons Quiz
Score 0/114 Timer 03:00
0 Plays Today
Lyrics % Correct
the
89.8%
the
89.8%
the
89.8%
the
89.8%
the
89.8%
the
89.8%
The
89.8%
Christmas,
89.8%
Christmas!
89.8%
the
89.8%
the
89.8%
Christmas.
89.8%
Christmas.
89.8%
a
87.5%
wait!
87.5%
wait
87.5%
wait
87.5%
Can't
86.6%
Can't
86.6%
till
83.8%
till
83.8%
and
81%
and
81%
and
81%
tree.
76.9%
tree.
76.9%
of
76.9%
tree.
76.9%
of
76.9%
of
76.9%
in
76.4%
it
75.9%
do.
75.5%
me
75.5%
It's
75%
would
73.6%
would
73.6%
would
73.6%
Lyrics % Correct
Dad
73.1%
down
73.1%
Work!
73.1%
work!
73.1%
Mom
72.2%
up
72.2%
to
71.8%
to
71.8%
it's
71.8%
chop
71.3%
presents
70.8%
meal.
70.4%
get
70.4%
fat
70.4%
Then
70.4%
get
70.4%
get
70.4%
Big
69.9%
hairy
69.9%
deal!
69.9%
Chores!
69%
Doc
69%
Boy
69%
lights.
69%
Electrical
69%
fix
68.5%
Decorating
68.5%
be.
68.5%
so
68.5%
so
68.5%
way...
68.1%
Gardening!
68.1%
all
68.1%
contracting!
67.6%
out
67.6%
Outta
67.6%
take
67.6%
under
67.6%
Lyrics % Correct
they
67.6%
what
67.1%
Office
66.7%
sleep,
66.7%
Wiring
66.2%
those
66.2%
them
66.2%
wink
66.2%
could
66.2%
when
66.2%
we'd
65.7%
We'd
65.7%
Fighting!
65.3%
sight!
65.3%
wondering
65.3%
Wake
65.3%
through.
65.3%
Wrapping
64.8%
pile
64.8%
from
64.8%
There's
64.8%
much
64.4%
writing
63.9%
cards.
63.9%
barely
63.9%
boxes
63%
make
63%
special
62.5%
that
62.5%
really
62.5%
kids
62.5%
having
62.5%
great,
62%
great!
62%
are
61.1%
anxiety
60.6%
gifts
60.2%
insomnia
60.2%
Remove Ads.
Support Sporcle.
Get the best of Sporcle when you Go Orange. This ad-free experience offers more features, more stats, and more fun while also helping to support Sporcle. Thank you for becoming a member.

You're not logged in!

Compare scores with friends on all Sporcle quizzes.
OR
Log In

Show Comments

Extras

Top Quizzes Today


Score Distribution

Your Account Isn't Verified!

In order to create a playlist on Sporcle, you need to verify the email address you used during registration. Go to your Sporcle Settings to finish the process.

Report this User

Report this user for behavior that violates our Community Guidelines.

Details: